Vista normal
Vista MARC
Entrada Topical Term
Número de registros utilizados en: 1
001 - CONTROL NUMBER
- control field: 59638
003 - CONTROL NUMBER IDENTIFIER
- control field: Utea
005 - DATE AND TIME OF LATEST TRANSACTION
- control field: 20251006093008.0
008 - FIXED-LENGTH DATA ELEMENTS
- fixed length control field: 251006|| aca||aabn | a|a d
040 ## - CATALOGING SOURCE
- Original cataloging agency: Utea
- Transcribing agency: Utea
150 ## - HEADING--TOPICAL TERM
- Topical term or geographic name entry element: MODELADO Y ANALISIS DEL SISTEMA
670 ## - SOURCE DATA FOUND
- Source citation: Work cat.: (Utea)17423: Garibaldi Julia autor 59637, Modelado, análisis y diseño del sistema de control de un robot gantry :, 2011